| 000 -LEADER |
| fixed length control field |
00486nam a22001577a 4500 |
| 008 - FIXED-LENGTH DATA ELEMENTS--GENERAL INFORMATION |
| fixed length control field |
131127b xxu||||| |||| 00| 0 eng d |
| 020 ## - INTERNATIONAL STANDARD BOOK NUMBER |
| International Standard Book Number |
9688103659 |
| 041 ## - LANGUAGE CODE |
| Language code of text/sound track or separate title |
eng |
| 080 ## - UNIVERSAL DECIMAL CLASSIFICATION NUMBER |
| Universal Decimal Classification number |
343 |
| Common auxiliary subdivision |
(094.9) |
| 245 00 - TITLE STATEMENT |
| Title |
Limits to national jurisdiction : |
| 260 ## - |
| -- |
Mexico : |
| -- |
Secretaria de relaciones exteriores ; |
| -- |
1992. |
| 300 ## - |
| -- |
249 f. : |
| -- |
22 cm. |
| 650 #0 - |
| -- |
E drejta penale |
| 650 #0 - |
| -- |
Legjislacioni |
| 942 ## - ADDED ENTRY ELEMENTS (KOHA) |
| Source of classification or shelving scheme |
|
| Item type |
Books |